000 00587nam a22001817a 4500
005 20230523014443.0
008 221129b |||||||| |||| 00| 0 eng d
020 _a978-971-23-6002-2
082 _aFil. 415 B277 2011
100 _aBarrot, Jessie S.
_eauthor
245 _aGrammar first:
_ba communicative way in learning grammar /
_cjessie S. Barrot
250 _a1st ed.
260 _aManila:
_bRex Book Store,
_cc2011.
300 _avii, 282p.
504 _aIncludes references
541 _e4733 c.1, 4734 c.2, 4735 c.3, 4736 c.4, 4737 c.5
650 _aEnglish language - Grammar
999 _c280
_d280